01011nam a2200241Ia 450000100060000000300090000600800410001504000130005604000130006904100120008210000190009410000290011324500740014224500740021625000110029026000110030126000350031226000490034730000430039650002570043965000420069665000310073823309IT-RoPAU130308s9999 xx 000 0 und d aIT-RoPAU cIT-RoPAU aINGLESE aSoukup Paul A. gCodice Aut. SPICS: 6908 aCommunication and Theology: Introduction and Review of the Literature bCommunication And Theology: introduction And Review Of The Literature a1a ed. aLONDON bWorld Association Chr. Commun. c1983 [1° Ed.:1983 - Ed.Ling.Originale:1983] a"114 p. (prefazione: no ; testo: 114)" aComunicazione e Teologia Linguaggio Religioso e Comprensione di Se' Analogia Linguistica strategie Cristiane di Comunicazione Analogia Estetica Analogia Culturale Analogia Dialogica Analogia Teologica programma di Studio Teologico per la Comunicazione aTEORIA TEOLOGIA COMUNICAZIONE SOCIALE eCodice materia Spics: 9205